LEADER 01093nam a2200253 i 4500 001 000000004668 003 CaOOAMICUS 005 20230414125131.0 008 180830s1871 fr u000 u fre u 040 $aSeMil$bita 100 1 $aMalebranche, Nicolas : de,$d<1638-1715>.$0(OLS)http://semarc/name/2843 245 10$aOeuvres de Malebranche. 250 $aNouvelle éd., collationnée sur les meilleurs textes, et précédée d'une introduction par M. Jules Simon. 260 $aParis :$bCharpentier et C.,$c1871. 300 $a4 v. ;$c19 cm. 650 4$aMalebranche, Nicolas : de - Opere.$0(OLS)http://semarc/subject/805 700 1 $aSimon, Jules,$d<1814-1896>.$0(OLS)http://semarc/name/2842 774 0 $tEntretiens sur la métaphysique.$g1$w()70225 774 0 $tMéditations chrétiennes.$g2$w()70226 774 0 $tRecherche de la vérité. 1.$g3$w()70227 774 0 $tRecherche de la vérité. 2.$g4$w()221396 996 $6245$aOeuvres de Malebranche$9(OLS)http://semarc/title/6790 996 $6260$aParis :$bCharpentier et C.$9(OLS)http://semarc/publisher/31331 LEADER 01456nam a2200325 i 4500 001 000000114605 003 CaOOAMICUS 005 20100215000000.0 008 100215s1988 it u000 u ita u 013 $a87292 020 $a88-04-30340-9 040 $aSeMil$bita 100 1 $aChouraqui, André,$d<1917-2007>.$0(OLS)http://semarc/name/5373 240 13$aLa vie quotidienne des hommes de la Bible.$0(OLS)http://semarc/title/167568 245 13$aLa vita quotidiana degli uomini della Bibbia /$cAndré Chouraqui ; traduzione di Michele Lo Buono. 260 $aMilano :$bA. Mondadori,$c1988. 300 $a318 p. ;$c19 cm. 490 0 $aUomini e religioni ;$v34 500 $aContiene : Bibliografia ; Tavole cronologiche. - Fondo Card. C.M. Martini. 650 4$aEbrei - Vita sociale - Antichità.$0(OLS)http://semarc/subject/20878 650 4$aStoria biblica.$0(OLS)http://semarc/subject/20879 700 1 $aLo Buono, Michele.$0(OLS)http://semarc/name/47767 830 0$aUomini e religioni ;$v34.$0(OLS)http://semarc/title/8364 850 $aSeMil 852 $aSeMil$W1$xVenegono$y1$m2X I 456$j70161$B70161$CSeMilBibl$Z2$F78004 $81 941 1 $a4 961 $aOmaggio: Martini Card. Carlo Maria 996 $6020$a88-04-30340-9$9(OLS)http://semarc/number/97991 996 $6245$aLa vita quotidiana degli uomini della Bibbia$9(OLS)http://semarc/title/167567 996 $6260$aMilano :$bA. Mondadori$9(OLS)http://semarc/publisher/30308